banner-ar

الهلال: السينما عالم رائع رائع رائع / (Record no. 51624)

MARC details
000 -الفاتح
حقل البيانات ثابتة الطول 00609nam a2200193Ia 4500
008 - عناصر البيانات ثابتة الطول - معلومات عامة
حقل البيانات ثابتة الطول 140319s9999 xx 000 0 ara d
040 ## - مصدر الفهرسة
وكالة الفهرسة الأصلية GCL /
وكالة النسخ GCL
082 04 - رقم تصنيف ديوى العشرى
رقم التصنيف 791.437
رقم المادة ا ه
100 1# - المدخل الرئيسى - إسم شخصى
الإسم الشخصى احمد بهاءالدين
245 10 - بيان العنوان
العنوان الهلال: السينما عالم رائع رائع رائع /
بيان المسئوليه,etc احمد بهاءالدين
300 ## - الوصف المادى
التعداد 178 ص
490 ## - بيان السلسلة
عنوان السلسلة الهيئة العامة للاستعلامات
رقم المجلد/ التعيين التسلسلي 0
650 04 - المدخل الاضافى بالموضوع-مصطلح موضوعى
مصطلح موضوعي الفنون
650 04 - المدخل الاضافى بالموضوع-مصطلح موضوعى
مصطلح موضوعي السينما
650 04 - المدخل الاضافى بالموضوع-مصطلح موضوعى
مصطلح موضوعي الافلام المصرية
650 04 - المدخل الاضافى بالموضوع-مصطلح موضوعى
مصطلح موضوعي السينما العالمية
942 ## - عناصر المدخل الإضافي( كوها)
مصدر التصنيف او مخطط الترفيف Dewey Decimal Classification
Koha [default] item type كتاب
Holdings
حالة التراجع حالة الفقد حالة تلف ليس للاعارة المكان المؤقت الموقع الحالى تاريخ الاكتساب اجمالي اﻻعارات رقم الطلب الباركود تاريخ اخر مشاهدة تاريخ تفعيل السعر نوع وعاء كوها
        مكتبة القاهرة الكبرى مكتبة القاهرة الكبرى 03/26/2014   791.437\ا ه 123577 03/26/2014 03/26/2014 كتاب

Powered By

EGPV